000
00287nam a22001337a 4500
020
_a
978-8192869223
041
_a
ENG
100
_a
Shah.H.J
245
_a
Reinforced Concrete Vol 2
260
_a
India
_b
Charotar PUB House
_c
2000
300
_a
672
650
_a
FS
856
_u
FS ( 8 )
999
_c
882
_d
882